00711nam a2200205Ia 450000500170000000800410001704000530005804100080011111000360011924500420015526000630019730000180026049000660027860000410034460000550038565000160044065000130045665100130046965100230048220211020084942.0130821s1980 ck gr dspa  aCo-BoUCMbspacDavid Avila (modificó)d[Nuevo] aspa2 aAcademia Colombiana de Historia00aCórdovabBiografías del Siglo XIX aBogotá (Colombia)bAcademia Colombiana de Historiac1980 a2 volúmenes aColección de Bolsilibros de la Academia de Historia v36-37 aCórdoba, José Maríad1799-1829 aCórdoba, José Maríad1799-1829vBiografías04aBiografía04aHistoria aColombia aColombiaxHistoria